Представление документа в формате MARC21

Поле Инд. ПП Название Значение
Тип записи a
Библиографический уровень m
001 Контрольный номер 9435ee93-be6f-4155-a60b-35b08d94df26
005 Дата корректировки 20140703144532.2
008 Кодируемые данные 060615
020 c Цена, тираж б/ц
041 a Код языка текста rus
080 a Индекс УДК 811.161.1'367.634(043.3)
084 a Индекс другой классификации/Индекс ББК Ш141.12-22я031
a Индекс другой классификации/Индекс ББК Ш141.12-212.8я031
a Индекс другой классификации/Индекс ББК Ш141.12-71я031
090 x Авторский знак Г85
a Полочн. индекс Ш141.12
100 1_ a Автор Грицкевич Наталья Николаевна
245 10 a Заглавие Структурные и семантические функции сочинительных союзов и их конкретизаторов (на материале прозаических текстов И. А. Бунина)
b Продолж. заглавия автореф. дис. ... канд. филол. наук : 10.02.01
260 0_ a Место издания Ставрополь
b Издательство Ставропольский гос. ун-т
c Дата издания 2006
300 a Объем 22 с.
500 a Примечание На правах рукоп.
504 a Библиография Библиогр. в конце кн.
583 a Действие Получение впервые 229 14.06.2006
650 a Основная рубрика Русский язык
x Основная подрубрика Синтаксис
x Основная подрубрика Части речи
x Основная подрубрика Союзы сочинительные
x Основная подрубрика Писателей язык
653 a Ключевые слова Русский язык
a Ключевые слова Синтаксис русского языка
a Ключевые слова Союзы
a Ключевые слова Сочинительные союзы
a Ключевые слова Части речи
a Ключевые слова Язык писателей
a Ключевые слова Язык Бунина
a Ключевые слова Бунин
a Ключевые слова Авторефераты
852 t Порядковый номер экземпляра 1
p Инвентарный номер б/н
888 a Бесплатные
930 a Новая/Ретро авторефераты
952 p 229.2006 б/ц 1 б/н
c Вид литературы А/Р н
954 a Дата поступления на обработку 20060623
999 a Подразделение 2 ч.з.